000 00307nam a2200133Ia 4500
008 240703s9999 xx 000 0 und d
041 _aeng
100 _aLizabeth Cohen
245 _aA Consumers Republic
260 _bVintage
_c2004
365 _c
_b 1,639.18
906 _b33
999 _c40899
_d40899